Growing Cities in Denmark - Statistics

General Stats
  • This quiz has been taken 20 times
  • The average score is 4 of 5
Answer Stats
Population Population Gained City % Correct
1,336,982 137,758 Copenhagen
100%
119,219 15,674 Aalborg
94%
282,910 33,201 Aarhus
94%
180,760 13,145 Odense
88%
58,777 7,436 Vejle
41%
No matching quizzes found
Score Distribution
Percent of People with Each Score
Percentile by Number Answered
Your Score History
You have not taken this quiz